[Event "GER AK-1844 email"]
[Site "GER email"]
[Date "2013.12.30"]
[Round "?"]
[White "Kaupat, Thomas"]
[Black "Skrodzki, Heinz Werner"]
[Result "1-0"]
[WhiteElo "1428"]
[BlackElo "1498"]
[PlyCount "69"]
[EventDate "2014.01.06"]
[EventType "tourn (corr)"]
[EventRounds "6"]
[EventCountry "GER"]
[SourceTitle "Corr 2020"]
[Source "ChessBase"]
[SourceDate "2019.09.30"]
[SourceVersion "1"]
[SourceVersionDate "2019.09.30"]
[SourceQuality "1"]

1. e4 e6 2. Nf3 d5 3. exd5 exd5 4. d4 Nf6 5. Bd3 Be7 6. 0-0 0-0 7. Re1 Bg4 8. h3 Bh5 9. Bg5 Nc6 10. c3 h6 11. Bxf6 Bxf6 12. Nbd2 Qd6 13. Qc2 Ne7 14. Ne5 c5 15. dxc5 Qc7 16. Nef3 Qxc5 17. a3 Rac8 18. Nb3 Qb6 19. Nbd4 Bxf3 20. Nxf3 Nc6 21. Bh7+ Kh8 22. Bf5 Rcd8 23. Rad1 Na5 24. Re2 Qb5 25. Bd3 Qb3 26. Qxb3 Nxb3 27. Bb5 Nc5 28. Red2 a6 29. Be2 Rfe8 30. Kf1 Na4 31. g3 b5 32. Nh2 g6 33. Ng4 Bg7 34. Ne3 Nb6 35. Nxd5 1-0

[Event "GER OS-177 email"]
[Site "GER email"]
[Date "2011.11.28"]
[Round "?"]
[White "Skrodzki, Heinz Werner"]
[Black "Ritter, Uwe"]
[Result "0-1"]
[WhiteElo "1498"]
[BlackElo "1709"]
[PlyCount "33"]
[EventDate "2011.12.06"]
[EventType "tourn (corr)"]
[EventRounds "6"]
[EventCountry "GER"]
[SourceTitle "Corr 2015"]
[Source "ChessBase"]
[SourceDate "2015.07.17"]
[SourceVersion "1"]
[SourceVersionDate "2015.07.17"]
[SourceQuality "1"]

1. c4 c5 2. Nc3 Nc6 3. g3 g6 4. Bg2 Bg7 5. Nf3 e5 6. 0-0 Nge7 7. d3 d6 8. Bd2 0-0 9. a3 a5 10. Rb1 h6 11. Nb5 Be6 12. b4 axb4 13. axb4 cxb4 14. Bxb4 Nxb4 15. Rxb4 d5 16. Qc2 Nc6 17. Rbb1 0-1